000 00955nam a22002417a 4500
005 2010080308458.0
010 _aHIN-89982
020 _c225.00
_a8180830292
035 _aHN-62328
037 _bDBAD / PUB
082 _a
100 _aखरे, ममता
_95571
245 _aमातृऋण /
_cममता खरे
246 _aMatrarin
_bby Mamta Khare
260 _aदिल्ली
_bविमल पुस्तक मंदिर
_c2010
270 _a430, महाराम मौहल्ला, शाहदरा
_bदिल्ली
_e110032
300 _a151पृ.
_c22सेमी (सजिल्द)
650 _bलघु कथाएँ, हिन्दी
_91169
650 _bShort Stories, Hindi
_95572
700 _95361
942 _2ddc
_cHN
_h
_mखरेम
999 _c39075
_d39075